Tecnología de los oficios metalúrgicos

Saved in:
Bibliografiske detaljer
Main Authors: Leyensetter, A (Author), Würtemberger, Gerold (Author)
Format: Bog
Sprog:spansk
Udgivet: Barcelona Reverté 1984
Udgivelse:1a. ed
Fag:
Tags: Tilføj Tag
Ingen Tags, Vær først til at tagge denne postø!

MARC

LEADER 00000nam a2200000 a 4500
001 UCG2964
003 CL-VaPUC
008 100805e19840000SP |||||||||||||||||spa|d
020 |a 8429160663 
082 0 4 |a 671  |b LEY  |2 21 
100 0 |a Leyensetter, A  |e author  |9 551672 
700 0 |a Würtemberger, Gerold  |e author  |9 551673 
245 1 0 |a Tecnología de los oficios metalúrgicos 
250 |a 1a. ed 
300 |a 552 p 
942 |c BK 
945 |d 20100805 00:00:00  |a cmena 
260 |a Barcelona  |b Reverté  |c 1984 
650 0 |a Metalurgia  |9 263720 
650 0 |a Electrotecnia  |9 430473 
650 7 |a HIERRO  |2 CL-VaPUC  |9 357538 
650 0 |a Aceros  |9 260685 
650 0 |a Propiedades físicas  |9 342981 
650 7 |a CORROSION DE METALES  |2 CL-VaPUC  |9 453974 
650 7 |a TRATAMIENO TERMICO  |2 CL-VaPUC  |9 551674 
650 0 |a Máquinas herramientas  |9 262583 
583 |a last modification  |c 20160105 12:48:41  |k Rodrigo Vera 
999 |c 342066  |d 342064 
952 |0 0  |1 0  |4 0  |6 671_000000000000000_LEY_1984  |7 0  |8 A  |9 438018  |a BIBARQ  |b BIBARQ  |d 2019-11-22  |i 4703766  |o 671 LEY 1984  |p 4703766  |r 2025-01-20  |w 2019-11-22  |y BK  |k ARQ